Odborové hnutí v Jugoslávii /

Publikace nastiňuje historii odborového hnutí v Jugoslávii do konce 2. světové války a podrobně informuje o poválečném vývoji v období boje za obnovu země a vybudování základů socialismu, v nových hospodářských podmínkách i zasoučasné situace. Zmiňuje se o specifických rysech odborářské práce, jejím...

Celý popis

Hlavní autor: Mudroch, Josef
Jazyk: Čeština
Vydáno: Praha : Práce, 1967
Vydání: 1. vyd.
Edice: Malá encyklopedie světového odborového hnutí
Fyzický popis: 83, [1] s., [4] s. obr. příl. : il. ; 8°
Knihy
Uloženo v:
LEADER 01512nam a22003012a 4500
001 000948534
003 CZ BrMZK
005 20090910101256.0
007 ta
008 090622s1967 xr af er|||||||||||cze d
015 |a cnb000445401 
035 |a (OCoLC)42169758 
040 |a ABA001  |b cze  |c BOA001  |d BOA001 
080 9 |a 331.881(497.1)"1890/1966"+3 KDS 137(497.1)(023) 
100 1 |a Mudroch, Josef  |4 aut 
245 1 0 |a Odborové hnutí v Jugoslávii /  |c Josef Mudroch 
250 |a 1. vyd. 
260 |a Praha :  |b Práce,  |c 1967  |f (Mír) 
300 |a 83, [1] s., [4] s. obr. příl. :  |b il. ;  |c 8° 
490 1 |a Malá encyklopedie světového odborového hnutí ;  |v 17 
500 |a 1500 výt. 
504 |a Obsahuje bibliografii a bibliografické odkazy 
520 |a Publikace nastiňuje historii odborového hnutí v Jugoslávii do konce 2. světové války a podrobně informuje o poválečném vývoji v období boje za obnovu země a vybudování základů socialismu, v nových hospodářských podmínkách i zasoučasné situace. Zmiňuje se o specifických rysech odborářské práce, jejím obsahu a metodách, o vzniku, vývoji a činnosti dělnických samospráv, mezinárodních stycích apod. Seznamuje i s průběhem jednotlivých sjezdů Svazu odboruJugoslávie. 
830 0 |a Malá encyklopedie světového odborového hnutí  |0 s 
910 |a BOA001  |b 1-0577.551 
990 |a BK 
991 |b 200906 
996 6 |b 2619472317  |c 1-0577.551  |l MZK  |r Sklad / do 1 hodiny  |n 0  |w 000948534  |u 000010  |a 1  |e BOA001  |j MZK50  |s P